000 01035cam a2200301 i 4500
001 4964107
003 EG-ScBUE
005 20241009091418.0
008 970902t1998 caua f b 001 0 eng d
020 _a9780127843964
040 _aDLC
_beng
_erda
_cDLC
_dDLC
_dEG-ScBUE
082 0 4 _a515.35
_222
_bZWI
100 1 _aZwillinger, Daniel,
_d1957-
_eauthor.
_939101
245 1 0 _aHandbook of differential equations /
_cDaniel Zwillinger, Department of mathematical sciences, Rensselaer Polytechnic Institute, Troy, NY.
250 _aThird edition.
264 1 _aSan Diego :
_bAcademic Press / Elsevier,
_c[1998]
264 4 _cc1998
300 _axxiii, 801 pages :
_billustrations ;
_c24 cm
336 _2rdacontent
_atext
_btxt
337 _2rdamedia
_aunmediated
_bn
338 _2rdacarrier
_avolume
_bnc
504 _aIncludes bibliographical references and index.
650 7 _aDifferential equations.
_2BUEsh
_937976
651 _2BUEsh
653 _bENGELC
_cJuly2015
_cJanuary2016
655 _vReading book
942 _2ddc
_cBB
999 _c20165
_d20137